Mathrubhumi yearbook plus 2026 (malayalam)/ (Record no. 181395)

000 -LEADER
fixed length control field 00362nam a22001331a 4500
082 ## - DEWEY DECIMAL CLASSIFICATION NUMBER
Classification number M 050
Item number CHA/M
245 ## - TITLE STATEMENT
Title Mathrubhumi yearbook plus 2026 (malayalam)/
Statement of responsibility, etc by Chandran P V (ed.)
260 ## - PUBLICATION, DISTRIBUTION, ETC. (IMPRINT)
Place of publication Kozhikode
Name of publisher The Mathrubhumi Press,
Year of publication 2026.
300 ## - PHYSICAL DESCRIPTION
Number of Pages 898p.
650 ## - SUBJECT ADDED ENTRY--TOPICAL TERM
Topical Term Yearbook
650 ## - SUBJECT ADDED ENTRY--TOPICAL TERM
Topical Term General Knowledge
700 ## - ADDED ENTRY--PERSONAL NAME
Personal name Chandran P V (ed.)
942 ## - ADDED ENTRY ELEMENTS (KOHA)
Koha item type Reference
Holdings
Withdrawn status Lost status Damaged status Not for loan Permanent Location Current Location Shelving location Date acquired Cost, normal purchase price Full call number Accession Number Price effective from Koha item type
        Sree Sankaracharya University of Sanskrit Sree Sankaracharya University of Sanskrit Reference 05.05.2026 250.00 R M 050 CHA/M 110300 05.05.2026 Reference